000 00691nam a2200169 i 4500
001 38787
003 ES-MaACL
005 20230906155823.0
007 t|
008 030226s1876 sp ||||1| spa d
100 1 _aCamarero y García, Eusebio.
_934007
245 1 0 _aResumen del estado que ha tenido el Instituto Provincial de 2ª Enseñanza de Burgos durante el año académico de 1875 á 1876.... /
_cleido el día 1 de octubre de 1876 por Eusebio Camarero y García.
260 _aBurgos :
_b[s.n.],
_c1876 (
_fImp. de Timoteo Arnaiz)
300 _a63 p. ;
_c25 cm.
610 2 4 _aInstituto Provincial de Segunda Enseñanza de Burgos-
_vMemorias.
_9144972
852 _aES-MaACL
_jT-204-F-24
999 _c38787
_d38787